Animaux en I - Statistiques

Statistiques générales
  • Ce quiz a été pris 95 fois
  • Le résultat moyen est 3 sur 33
Statistiques - réponses
hint answers % Correct
10 Iguane
93%
12 Impala
53%
2 Ibis
44%
11 iguanodon
23%
33 Iule
11%
24 Isard
10%
25 Isatis
10%
20 Inseparable
7%
8 Ide
6%
1 Ibijau
4%
23 Isabelle
4%
3 Ichneumon
3%
5 Ichtyosaure
3%
17 Indri
3%
31 Israelien
1%
4 Ichtyornis
0%
6 Ichtyostega
0%
7 Ichtyostegalien
0%
9 Idole
0%
13 Inca
0%
14 Inconnu
0%
15 Incube
0%
16 Indicateur
0%
18 Indricotherium
0%
19 Inocerame
0%
21 Iridomyrmex
0%
22 Irrisor
0%
26 Iscard
0%
27 Ischnure
0%
28 Islandais
0%
29 Isocarde
0%
30 Isopode
0%
32 Ithagine
0%
Aucun quiz correspondant
Distribution des résultats
% des personnes avec chaque résultat
Percentile par nombre de réponses
Votre historique - résultats
Vous n’avez pas pris ce quiz